000
00512nam a2200169Ia 4500
008
090711s9999 xx 000 0 und d
082
_b
51478
100
_a
हरकारे अरुण
245
_a
करावं तसं भरावं
260
_c
1985
300
_a
164
600
_a
हरकारे अरुण
630
_a
करावं तसं भरावं
700
_a
हरकारे अरुण
730
_a
करावं तसं भरावं
942
_c
BOOK
999
_c
301668
_d
301668